Friends of the Earth (Record no. 119513)

MARC details
000 -LEADER
fixed length control field 00581cam a2200169 4500
001 - CONTROL NUMBER
control field WS106774
008 - FIXED-LENGTH DATA ELEMENTS--GENERAL INFORMATION
fixed length control field 000000n 000 0 eng u
035 ## - SYSTEM CONTROL NUMBER
System control number (Sirsi) u106774
110 ## - MAIN ENTRY--CORPORATE NAME
Corporate name or jurisdiction name as entry element Friends of the Earth
9 (RLIN) 2325
245 ## - TITLE STATEMENT
Title Friends of the Earth
520 ## - SUMMARY, ETC.
Summary, etc. Web site outlining the work of this organisation and their current national and local campaigns.
650 ## - SUBJECT ADDED ENTRY--TOPICAL TERM
Topical term or geographic name entry element SUSTAINABLE DEVELOPMENT
650 ## - SUBJECT ADDED ENTRY--TOPICAL TERM
Topical term or geographic name entry element BIODIVERSITY
690 ## - LOCAL SUBJECT ADDED ENTRY--TOPICAL TERM (OCLC, RLIN)
Topical term or geographic name as entry element ENVIRONMENTAL AND LAND CONSULTANCY
856 40 - ELECTRONIC LOCATION AND ACCESS
Uniform Resource Identifier <a href="https://www.foe.co.uk">https://www.foe.co.uk</a>
Public note View the website free of charge at www.foe.co.uk...
942 ## - ADDED ENTRY ELEMENTS (KOHA)
Suppress in OPAC 0
Holdings
Withdrawn status Lost status Source of classification or shelving scheme Damaged status Not for loan Home library Current library Shelving location Date acquired Total Checkouts Full call number Barcode Date last seen Copy number Price effective from Koha item type
    Dewey Decimal Classification     Virtual Virtual Online 27/06/2000   WEB SITE 106774-2001 06/08/2019 1 06/08/2019 Online material